|
|
|
|
| LEADER |
00000nam0a2200000 4500 |
| 001 |
263781 |
| 005 |
20231101233754.0 |
| 035 |
|
|
|a (RuTPU)RU\TPU\book\286770
|
| 090 |
|
|
|a 263781
|
| 100 |
|
|
|a 20140611d1987 k y0rusy50 ca
|
| 101 |
0 |
|
|a rus
|
| 102 |
|
|
|a KZ
|
| 105 |
|
|
|a a z 001zy
|
| 200 |
1 |
|
|a Современные технологии и технические средства направленного разрушения горных пород
|e межвузовский сборник научных трудов
|f Казахский политехнический институт (КазПТИ)
|
| 210 |
|
|
|a Алма-Ата
|c Изд-во КазПИ
|d 1987
|
| 215 |
|
|
|a 140 с.
|c ил.
|
| 320 |
|
|
|a Библиография в конце статей
|
| 606 |
1 |
|
|a Горные породы
|x Разрушение при взрывании
|x Исследование
|2 stltpush
|3 (RuTPU)RU\TPU\subj\8047
|9 35540
|
| 610 |
1 |
|
|a технологии
|
| 610 |
1 |
|
|a технические средства
|
| 610 |
1 |
|
|a направленное разрушение
|
| 610 |
1 |
|
|a взрывное разрушение
|
| 610 |
1 |
|
|a экранирование
|
| 610 |
1 |
|
|a взрывогидравлические устройства
|
| 610 |
1 |
|
|a ударное разрушение
|
| 610 |
1 |
|
|a параметры
|
| 610 |
1 |
|
|a измерения
|
| 610 |
1 |
|
|a измерительная аппаратура
|
| 675 |
|
|
|a 622.236.4
|v 3
|
| 712 |
0 |
2 |
|a Казахский политехнический институт (КазПТИ)
|c (1960-1994)
|c (Алма-Ата)
|2 stltpush
|3 (RuTPU)RU\TPU\col\316
|
| 801 |
|
1 |
|a RU
|b 63413507
|c 20140611
|
| 801 |
|
2 |
|a RU
|b 63413507
|c 20150519
|g RCR
|
| 942 |
|
|
|c BK
|